000 00715nam a22002057a 4500
008 251006b |||||||| |||| 00| 0 eng d
020 _a9780194502856
040 _aCUZ
_beng
_cCUZ
_dCUZ
_erda
050 _aPE1128.GUD
100 _aKathy Gude
245 _aCambridge English advanced result:
_bStudent's book
_cby Kathy Gude and Mary Stephens
264 _aNew York
_bOxford University press
_c©2015
300 _a183pages
336 _atext
_btxt
337 _aunmediated
_bn
338 _2rdacarrier
650 _aEnglish language
_a English language Examinations
_a English language Examinations Study guides
942 _cOS
_i1128GUD
_kPE
999 _c45386
_d45386